Introduction to pattern recognition: (Record no. 3378)

MARC details
000 -LEADER
fixed length control field 00749nam a22002417a 4500
003 - CONTROL NUMBER IDENTIFIER
control field OSt
005 - DATE AND TIME OF LATEST TRANSACTION
control field 20220107122723.0
008 - FIXED-LENGTH DATA ELEMENTS--GENERAL INFORMATION
fixed length control field 130829b xxu||||| |||| 00| 0 eng d
020 ## - INTERNATIONAL STANDARD BOOK NUMBER
International Standard Book Number 9789810233129
040 ## - CATALOGING SOURCE
Transcribing agency IIITM-K
082 ## - DEWEY DECIMAL CLASSIFICATION NUMBER
Classification number 006.4 FRI/I
100 ## - MAIN ENTRY--PERSONAL NAME
Personal name Friedman, Menahem
9 (RLIN) 2344
245 ## - TITLE STATEMENT
Title Introduction to pattern recognition:
Remainder of title Statistical, structural, neural and fuzzy logic approaches
Statement of responsibility, etc. by Menahem Friedman, Abraham Kandel
260 ## - PUBLICATION, DISTRIBUTION, ETC.
Place of publication, distribution, etc. London,
Name of publisher, distributor, etc. World Scientific,
Date of publication, distribution, etc. 1999.
300 ## - PHYSICAL DESCRIPTION
Extent xii, 329p.
650 ## - SUBJECT ADDED ENTRY--TOPICAL TERM
Topical term or geographic name entry element COMPUTER SCIENCE
9 (RLIN) 2345
650 ## - SUBJECT ADDED ENTRY--TOPICAL TERM
Topical term or geographic name entry element MATHEMATICS
9 (RLIN) 2346
650 ## - SUBJECT ADDED ENTRY--TOPICAL TERM
Topical term or geographic name entry element ALGEBRA
9 (RLIN) 2347
650 ## - SUBJECT ADDED ENTRY--TOPICAL TERM
Topical term or geographic name entry element PROBABILITY THEORY
9 (RLIN) 2348
650 ## - SUBJECT ADDED ENTRY--TOPICAL TERM
Topical term or geographic name entry element PATTERN RECOGNITION
9 (RLIN) 2349
700 ## - ADDED ENTRY--PERSONAL NAME
Personal name Kandel, Abraham
9 (RLIN) 2350
942 ## - ADDED ENTRY ELEMENTS (KOHA)
Source of classification or shelving scheme Dewey Decimal Classification
Koha item type Books
Holdings
Withdrawn status Lost status Source of classification or shelving scheme Damaged status Not for loan Collection code Home library Current library Shelving location Date acquired Cost, normal purchase price Total Checkouts Full call number Barcode Date last seen Date last checked out Price effective from Koha item type
    Dewey Decimal Classification     Pattern Recognition/ Biometrics Kerala University of Digital Sciences, Innovation and Technology Knowledge Centre Kerala University of Digital Sciences, Innovation and Technology Knowledge Centre Computer Science 29/08/2013 2999.00 9 006.4 FRI/I;2 3041 03/12/2020 18/08/2018 29/08/2013 Books